01581cam a22003854i 4500003000900000005001700009008004100026020001500067035002700082040003300109082002000142100003600162245010600198264003600304300003800340336002100378337002500399338002300424490002900447504002800476505050000504526001001004526001001014526001001024526001001034526000801044526000801052526000801060526000801068526000801076526000801084526000801092630006601100650002901166PE-LiUPU20250731172956.0150623s r 000 0 d a0801021928 a(Sirsi) i9780801021923 aPE-LiUPUbspacPE-LiUPUerda04a224.99bH882211 aHugenberger, Gordon P.,eautor.10aMarriage as a covenant :bbiblical law and ethics as developed from Malachi /cGordon P. Hugenberger. 1aMichigan :bBaker Books,c1994. a414 páginas ;c23 centímetros atext2rdacontent aunmediated2rdamedia avolume2rdacarrier0 aBiblical Studies Library aIncluye bibliografía.0 aThe interpretative conetxt of Malachi 2: 10-16. -"covenant" in Malachi 2:14: Does it refer to marriage?. -malachi 2: 116 and Divorce. -Malachi 2: 10-16 and the tolerattion of polygyny eelsewhere in the old testament. -Malachi 2:15: Malaachi's appeal to adam and eve for his understanding of marriage as a "covenant". -"Covenant" and "Oath" defined. -Verba solemnia and sexual union: the requisite covenant-ratifying oath-sign for marriage. -Marriage as a covenant elsewhere in the Old Testament. aSEG42 aSEG41 aSEG40 aSEG39 aP94 aP87 aP86 aP85 aP77 aP76 aP35 aBiblia.pA.T.pMalaquíasxCrítica, interpretación, etc.04aMatrimonio en la biblia.